Beliebteste Mädchennamen von 1975 bis 1979 in Deutschland - Statistiken

Allgemein
  • Dieses Quiz wurde 57 mal gespielt
  • Das Durchschnittsergebnis liegt bei 67 aus 175
Antwortstatistiken
Rang Antwort % Korrekt
11 | 15 | 20 | 32 Anna
78%
19 | 25 | 33 Anne
63%
13 | 14 | 18 | 26 Andrea
57%
7 | 9 | 12 Claudia
55%
4 | 5 | 6 | +2 others Julia
53%
2 | 3 | 4 | 5 Katrin
51%
1 | 2 Sandra
51%
1 | 2 | 3 Stefanie
51%
19 | 22 | 30 | 31 Christine
49%
19 | 22 | 32 | 33 Sabine
47%
15 | 16 | 29 | 30 Susanne
47%
5 | 7 | 9 | +2 others Tanja
47%
6 | 8 | 9 | 12 Anja
45%
21 | 27 | 29 | 35 Michaela
45%
35 Ulrike
45%
4 | 10 | 13 | +2 others Christina
43%
8 | 10 | 11 | +2 others Daniela
43%
15 | 21 | 32 Kerstin
43%
10 | 19 | 24 Katharina
41%
33 | 35 Tina
41%
3 | 4 | 6 Nicole
39%
16 | 18 | 20 | 25 Alexandra
37%
12 | 14 | 17 | +2 others Nina
37%
16 | 20 | 25 | 35 Simone
37%
11 | 17 | 20 | 23 Katja
35%
27 Christiane
33%
32 Manuela
33%
3 | 5 | 6 | +2 others Melanie
33%
15 | 18 | 20 | 24 Sonja
31%
29 | 34 Martina
29%
27 Carolin
27%
28 Eva
27%
7 | 11 | 13 | +2 others Yvonne
27%
23 | 26 | 33 Anke
24%
28 Monika
24%
22 Sabrina
24%
4 | 7 | 8 | +2 others Nadine
22%
25 | 27 | 35 Silvia
22%
17 Bettina
20%
33 Diana
20%
22 | 28 Jessica
20%
24 | 26 | 30 Bianca
18%
17 | 31 Jessica
18%
29 | 34 Miriam
18%
21 | 23 | 24 | 29 Maike
16%
13 | 23 | 30 | 34 Silke
16%
34 Annett
14%
31 Inga
14%
28 | 29 Maren
14%
28 | 30 | 31 Annika
10%
34 Diane
4%
Keine übereinstimmenden Quizze gefunden
Verteilung der Resultate
Anzahl Personen mit jedem Resultat
Perzentil nach korrekt beantworteten Fragen
Ihre Resultats-Entwicklung
Sie haben dieses Quiz noch nicht gespielt